| 000 | 00518nam a2200169 4500 | ||
|---|---|---|---|
| 001 | 145361 | ||
| 003 | ES-MaACL | ||
| 005 | 20230906201221.0 | ||
| 007 | t| | ||
| 008 | 070214s1972 sp r ||||1| spa d | ||
| 100 | 1 |
_aSpeaight, Robert. _9107657 |
|
| 245 | 1 | 0 |
_aTeilhard de Chardin _b: biografía / _cRobert Speaight ; traducción de Bernardo Bravo. |
| 260 |
_aSantander : _bSal Terrae, _c1972. |
||
| 300 |
_a568 p., 11 lám. ; _c19 cm. |
||
| 700 | 1 |
_aBravo, Bernardo. _931445 |
|
| 852 |
_aES-MaACL _jC-42829 _bR.80674 |
||
| 999 |
_c145361 _d145361 |
||